Jugadores Ghana #1 - Estadísticas

Estadísticas generales
  • Esta prueba ha sido intentada 9 veces
  • La puntuación promedio es 8 de 20
Estadísticas de respuestas
Imagen Respuesta % Correcto
Iñaki Williams
100%
Thomas Partey
100%
Kudus
89%
Aidoo
78%
Jordan Ayew
78%
Andre Ayew
56%
Mumin
56%
Baba
44%
Djiku
44%
Lamptey
44%
Duncan
33%
Schlupp
33%
Salisu
22%
Abdul Samed
11%
Fatawu
11%
Nuamah
11%
Paintsil
11%
Semenyo
11%
Boateng
0%
Gyasi
0%
No se encontraron pruebas coincidentes
Distribución de puntuación
Porcentaje de gente con cada puntuación
Porcentaje por número respondido
Historial de tus puntuaciones
No has intentado esta prueba.